000 00441nam a2200181Ia 4500
001 16729
005 20260306170332.0
008 260306t2014||||xx |||||||||||||| ||und||
041 _aESP
082 _a349.715C
_bC73 2014
100 _aAznar Gil, Federico
_eAUT
245 0 _aCódigo de derecho canónico
260 _c2014
300 _axliii, 1331 páginas :
_c20 cm.
650 _aGEN
654 _aCDE
942 _cLIB
_dJUS
_fJUS
_2ddc
_n
999 _c16729
_d16729